000 01056nam a22003137a 4500
003 CHAP
005 20220329140238.0
008 971013s1976 r 00010 d
010 _a49173
011 _a50145
035 _a54295
040 _cCHAP
090 _aTesis
100 0 0 _aRivera Veloz, Carlos.
_997766
245 _aComercialización de productos agrícolas en minifundio ; caso especial del municipio de Angamacutiro, Mich.
260 _aMéxico, D. F. :
_bEl autor,
_c1976
300 _a107 h.
502 _aTesis (Lic. en Economía) -- UNAM. Facultad de Economía
590 _aALEPH
_b10
_c20130110
_lUCH01
_h1321
590 _aBATCH-UPD
_b10
_c20130110
_lUCH01
_h0712
590 _aBATCH-UPD
_b10
_c20130410
_lUCH01
_h0358
590 _aBATCH-UPD
_b10
_c20130914
_lUCH01
_h1939
590 _aCONVERSION
_b10
_c20130109
_lUCH01
_h1327
650 1 4 _aProductos agrícolas
_xMercadeo
_xMichoacán.
_991977
901 _aBK
942 _cFOLL
949 _bBC
_cTES
_d-119875
_eTS1
_i54295
_si
949 _bBC
_cTES
_d-119876
_eTS2
_fc.2
_h17960
_i54295
_si
999 _c49173
_d49173